000 00335nam a2200097Ia 4500
005 20251222114409.0
008 251222s1900||||xx |||||||||||||| ||spa||
082 _aDVD0093/P84
245 0 _aRed de instituciones educativas para desarrollar capacidades locales en la región Apurímac: Una experiencia de educación productiva:
942 _cDVD
999 _c1976
_d1976